| 000 | 01030nam a22002657a 4500 | ||
|---|---|---|---|
| 003 | CBULib | ||
| 005 | 20240813073730.0 | ||
| 008 | 230705b |||||||| |||| 00| 0 eng d | ||
| 020 | _a9789211130751 | ||
| 040 |
_aCBULib _cCBULib _bEnglish _erda |
||
| 041 | _aeng | ||
| 099 | _aUNCTAD(058)TDR/2022 | ||
| 110 | _aUnited Nations Conference in Trade and Development (UNCTAD) | ||
| 245 |
_aTrade and development Report 2022 : development prospects in a fractured world : global disorder and regional responses _c/ by United Nations Conference in Trade and Development (UNCTAD) |
||
| 260 |
_aGeneva : _bUnited Nations, _c2023 |
||
| 300 | _axiii, 220 pages : illustrations | ||
| 336 |
_2rdacontent _aText | _btxt |
||
| 337 |
_2rdamedia _aUnmediated | _bn |
||
| 338 |
_2rdacarrier _aVolume _bnc |
||
| 610 | _aUNITED NATIONS CONFERENCE ON TRADE AND DEVELOPMENT(UNCTAD) | ||
| 650 | _aINTERNATIONAL ECONOMIC RELATIONS--PERIODICALS | ||
| 650 | _aTRADE AND DEVELOPMENT | ||
| 650 | _aGLOBALIZATION--ECONOMIC ASPECTS | ||
| 942 |
_c029 _2mc |
||
| 999 |
_c80761 _d80761 |
||